[Event "Bor"]
[Site "Bor"]
[Date "1985.??.??"]
[Round "7"]
[White "Plaskett, Jim"]
[Black "Velimirovic, Dragoljub"]
[Result "1/2-1/2"]
[WhiteElo "2495"]
[BlackElo "2500"]
[PlyCount "84"]
[EventDate "1985.??.??"]
[EventType "tourn"]
[EventRounds "13"]
[EventCountry "YUG"]
[EventCategory "10"]
[Source "ChessBase"]
[SourceDate "1998.11.10"]
[WhiteTeamCountry "ARG"]
[BlackTeamCountry "YUG"]

1. Nf3 g6 2. e4 Bg7 3. d4 d6 4. Nc3 Nf6 5. Be2 c5 6. dxc5 Qa5 7. cxd6 Nxe4 8.
O-O Nxc3 9. bxc3 O-O 10. dxe7 Re8 11. Rb1 Nc6 12. Rb5 Qxa2 13. Nd4 Nxd4 14.
cxd4 Rxe7 15. d5 Bf5 16. Bd3 Bxd3 17. Qxd3 Rc8 18. d6 Rd7 19. Re1 Bf8 20. Qh3
f5 21. Qf3 b6 22. Rb3 Rxd6 23. Ba3 Re8 24. Rf1 Rde6 25. Bxf8 Kxf8 26. Qc3 Kg8
27. Ra3 Qd5 28. Rxa7 R8e7 29. Qc8+ Kg7 30. Ra8 Kh6 31. Qf8+ Kg5 32. Ra3 f4 33.
h4+ Kg4 34. Qh6 Qh5 35. Qf8 Qxh4 36. Rh3 Qf6 37. Qh6 Kf5 38. Rf3 Qg5 39. Qf8+
Kg4 40. Rh3 Qf6 41. Qh6 Qg5 42. Qf8 Qf6 1/2-1/2

[Event "Bor"]
[Site "Bor"]
[Date "1985.??.??"]
[Round "8"]
[White "Velimirovic, Dragoljub"]
[Black "Marjanovic, Slavoljub"]
[Result "1-0"]
[WhiteElo "2500"]
[BlackElo "2505"]
[PlyCount "65"]
[EventDate "1985.??.??"]
[EventType "tourn"]
[EventRounds "13"]
[EventCountry "YUG"]
[EventCategory "10"]
[Source "ChessBase"]
[SourceDate "1998.11.10"]
[WhiteTeamCountry "ARG"]
[BlackTeamCountry "YUG"]

1. e4 c5 2. Nf3 e6 3. d4 cxd4 4. Nxd4 Nf6 5. Nc3 d6 6. g4 h6 7. h4 Nc6 8. Be2
Be7 9. Be3 a6 10. Rg1 d5 11. Nxc6 bxc6 12. g5 hxg5 13. hxg5 Nxe4 14. Nxe4 dxe4
15. Qxd8+ Bxd8 16. O-O-O a5 17. Rg4 Ba6 18. Bxa6 Rxa6 19. Rxe4 Bb6 20. g6 Bxe3+
21. fxe3 fxg6 22. Rxe6+ Kf7 23. Red6 Re8 24. Rf1+ Kg8 25. Kd2 Rb6 26. b3 a4 27.
Rxg6 axb3 28. axb3 Rd8+ 29. Ke2 Rd5 30. e4 Rc5 31. Kd3 Rb7 32. Rd6 Rc7 33. Rf5
1-0

[Event "Bor"]
[Site "Bor"]
[Date "1985.??.??"]
[Round "9"]
[White "Jansa, Vlastimil"]
[Black "Velimirovic, Dragoljub"]
[Result "1-0"]
[WhiteElo "2480"]
[BlackElo "2500"]
[PlyCount "89"]
[EventDate "1985.??.??"]
[EventType "tourn"]
[EventRounds "13"]
[EventCountry "YUG"]
[EventCategory "10"]
[Source "ChessBase"]
[SourceDate "1998.11.10"]
[WhiteTeamCountry "ARG"]
[BlackTeamCountry "YUG"]

1. e4 c5 2. Nf3 Nc6 3. d4 cxd4 4. Nxd4 g6 5. c4 Bg7 6. Be3 Nf6 7. Nc3 O-O 8.
Be2 b6 9. O-O Bb7 10. f3 e6 11. Qd2 d5 12. Nxc6 Bxc6 13. cxd5 exd5 14. e5 Nd7
15. f4 Nc5 16. Rad1 Ne4 17. Nxe4 dxe4 18. Qxd8 Rfxd8 19. Rxd8+ Rxd8 20. Rc1 Be8
21. Rc7 Bf8 22. Rxa7 Bc5 23. Kf2 Rc8 24. Bxc5 Rxc5 25. Ke3 Kf8 26. Rb7 b5 27.
Rb8 Ke7 28. Kd4 Rc2 29. Bxb5 Bxb5 30. Rxb5 Rxg2 31. a4 Rxh2 32. a5 Rh1 33. a6
Ra1 34. Rb6 Ra4+ 35. b4 h5 36. Kxe4 Ra3 37. f5 gxf5+ 38. Kxf5 h4 39. Rb7+ Kf8
40. a7 Kg7 41. e6 h3 42. Rxf7+ Kg8 43. Kg6 h2 44. e7 Rg3+ 45. Kf6 1-0

[Event "Bor"]
[Site "Bor"]
[Date "1985.??.??"]
[Round "10"]
[White "Velimirovic, Dragoljub"]
[Black "Cvitan, Ognjen"]
[Result "1/2-1/2"]
[WhiteElo "2500"]
[BlackElo "2465"]
[PlyCount "34"]
[EventDate "1985.??.??"]
[EventType "tourn"]
[EventRounds "13"]
[EventCountry "YUG"]
[EventCategory "10"]
[Source "ChessBase"]
[SourceDate "1998.11.10"]
[WhiteTeamCountry "ARG"]
[BlackTeamCountry "YUG"]

1. e4 c5 2. Nf3 e6 3. d4 cxd4 4. Nxd4 a6 5. Nc3 Qc7 6. g3 Bb4 7. Nde2 Be7 8.
Bg2 Nf6 9. O-O Nc6 10. a4 d6 11. h3 Rb8 12. Be3 O-O 13. g4 b5 14. axb5 axb5 15.
g5 Nd7 16. f4 b4 17. Na4 Ba6 1/2-1/2

[Event "Bor"]
[Site "Bor"]
[Date "1985.??.??"]
[Round "11"]
[White "Popovic, Petar"]
[Black "Velimirovic, Dragoljub"]
[Result "1-0"]
[WhiteElo "2540"]
[BlackElo "2500"]
[PlyCount "85"]
[EventDate "1985.??.??"]
[EventType "tourn"]
[EventRounds "13"]
[EventCountry "YUG"]
[EventCategory "10"]
[Source "ChessBase"]
[SourceDate "1998.11.10"]
[WhiteTeamCountry "ARG"]
[BlackTeamCountry "YUG"]

1. e4 e5 2. Nf3 Nc6 3. Bb5 a6 4. Ba4 Nf6 5. O-O Be7 6. Re1 b5 7. Bb3 O-O 8. c3
d5 9. exd5 Nxd5 10. Nxe5 Nxe5 11. Rxe5 c6 12. d3 Bd6 13. Re1 Ra7 14. Nd2 Nf4
15. Ne4 Nxd3 16. Bg5 Be7 17. Bxe7 Rxe7 18. Re3 Rd7 19. Qh5 Nxb2 20. Rf3 Rd5 21.
Bxd5 cxd5 22. Ng5 h6 23. Nxf7 Qe8 24. Nxh6+ gxh6 25. Rxf8+ Kxf8 26. Qxh6+ Kg8
27. Qd2 Nc4 28. Qxd5+ Qe6 29. Qd8+ Kf7 30. h3 Bd7 31. Rd1 Bc6 32. Qc7+ Kf6 33.
Qf4+ Ke7 34. h4 Ne5 35. Qg5+ Kf7 36. Rd4 Ng6 37. h5 Qe1+ 38. Kh2 Ne5 39. Rf4+
Ke6 40. Rf6+ Kd7 41. Qg7+ Kd8 42. Rf8+ Be8 43. Rf5 1-0

[Event "Bor"]
[Site "Bor"]
[Date "1985.??.??"]
[Round "12"]
[White "Velimirovic, Dragoljub"]
[Black "Martinovic, Slobodan"]
[Result "1-0"]
[WhiteElo "2500"]
[BlackElo "2430"]
[PlyCount "75"]
[EventDate "1985.??.??"]
[EventType "tourn"]
[EventRounds "13"]
[EventCountry "YUG"]
[EventCategory "10"]
[Source "ChessBase"]
[SourceDate "1998.11.10"]
[WhiteTeamCountry "ARG"]
[BlackTeamCountry "YUG"]

1. e4 c5 2. Nf3 Nc6 3. d4 cxd4 4. Nxd4 Qb6 5. Nb3 Nf6 6. Nc3 e6 7. g3 a6 8. Bg2
Qc7 9. O-O d6 10. a4 Be7 11. a5 O-O 12. Be3 Ne5 13. Bb6 Qb8 14. Qe2 Nfd7 15.
Na4 Nxb6 16. Nxb6 Ra7 17. Qe3 Nd7 18. Rfd1 Rd8 19. c4 Nxb6 20. axb6 Ra8 21. Na5
e5 22. b4 Bd7 23. f4 Bf6 24. Ra3 Bc6 25. Rad3 h6 26. R1d2 Be7 27. Qf2 Qc8 28.
fxe5 dxe5 29. Rxd8+ Bxd8 30. c5 Be7 31. Qf5 Bg5 32. Qxc8+ Rxc8 33. Rd6 Be7 34.
Bh3 Rf8 35. Rxc6 bxc6 36. Nxc6 Bg5 37. b7 Bd2 38. Bc8 1-0

[Event "Kavala zt"]
[Site "Kavala"]
[Date "1985.??.??"]
[Round "?"]
[White "Kotronias, Vasilios"]
[Black "Velimirovic, Dragoljub"]
[Result "0-1"]
[WhiteElo "2425"]
[BlackElo "2500"]
[PlyCount "68"]
[EventDate "1985.??.??"]
[EventType "tourn"]
[EventRounds "13"]
[EventCountry "GRE"]
[Source "ChessBase"]
[SourceDate "1998.11.10"]
[WhiteTeamCountry "ARG"]
[BlackTeamCountry "YUG"]

1. e4 c5 2. Nf3 d6 3. d4 cxd4 4. Nxd4 Nf6 5. Nc3 g6 6. g3 Nc6 7. Bg2 Bg4 8.
Nde2 Qc8 9. h3 Bd7 10. Nd5 Bg7 11. Nxf6+ Bxf6 12. Nf4 Bg7 13. O-O h5 14. Kh2
Be5 15. h4 g5 16. hxg5 h4 17. g6 hxg3+ 18. Kg1 gxf2+ 19. Kxf2 fxg6 20. Nxg6 Rg8
21. Bf3 Kd8 22. Rg1 Bd4+ 23. Be3 Bxe3+ 24. Kxe3 Qc7 25. Qd5 Qb6+ 26. Kd2 Kc7
27. Qc4 Rac8 28. Raf1 Kb8 29. Qb3 Qa5+ 30. c3 Bh3 31. Rf2 Ne5 32. Nxe5 Rxg1 33.
Nd3 Qg5+ 34. Ke2 Rf8 0-1

[Event "Kavala zt"]
[Site "Kavala"]
[Date "1985.??.??"]
[Round "?"]
[White "Velimirovic, Dragoljub"]
[Black "Cebalo, Miso"]
[Result "1-0"]
[WhiteElo "2500"]
[BlackElo "2485"]
[PlyCount "81"]
[EventDate "1985.??.??"]
[EventType "tourn"]
[EventRounds "13"]
[EventCountry "GRE"]
[Source "ChessBase"]
[SourceDate "1998.11.10"]
[WhiteTeamCountry "ARG"]
[BlackTeamCountry "YUG"]

1. e4 c5 2. Nf3 d6 3. d4 cxd4 4. Nxd4 Nf6 5. Nc3 e6 6. Bc4 Nc6 7. Be3 a6 8. Qe2
Qc7 9. O-O-O Be7 10. g4 Ne5 11. Bb3 Nexg4 12. Rhg1 Nxe3 13. Qxe3 g6 14. f4 Bd7
15. f5 e5 16. Nf3 Rf8 17. fxg6 fxg6 18. Kb1 O-O-O 19. Ng5 Kb8 20. Qd2 Qc5 21.
Ne6 Bxe6 22. Bxe6 Nh5 23. Qh6 Nf4 24. Bb3 Bf6 25. Nd5 Nxd5 26. Bxd5 Rc8 27. Rg2
Qc7 28. a3 Qe7 29. Rd3 Rc7 30. Rb3 Bh4 31. Qe3 Qf6 32. Qb6 Qf1+ 33. Ka2 Rf3 34.
c3 Rff7 35. Qxd6 Qxg2 36. Rxb7+ Kc8 37. Rb6 Rf6 38. Be6+ Rxe6 39. Qxe6+ Rd7 40.
Rc6+ Kd8 41. Qg8+ 1-0

[Event "Kavala zt"]
[Site "Kavala"]
[Date "1985.??.??"]
[Round "?"]
[White "Velimirovic, Dragoljub"]
[Black "Kurajica, Bojan"]
[Result "0-1"]
[WhiteElo "2500"]
[BlackElo "2535"]
[PlyCount "72"]
[EventDate "1985.??.??"]
[EventType "tourn"]
[EventRounds "13"]
[EventCountry "GRE"]
[Source "ChessBase"]
[SourceDate "1998.11.10"]
[WhiteTeamCountry "ARG"]
[BlackTeamCountry "YUG"]

1. e4 e5 2. Nf3 Nc6 3. Bb5 a6 4. Ba4 Nf6 5. O-O Be7 6. Re1 b5 7. Bb3 O-O 8. c3
d6 9. h3 Be6 10. d4 Bxb3 11. axb3 exd4 12. cxd4 d5 13. e5 Ne4 14. Nc3 f5 15.
exf6 Bxf6 16. Nxe4 dxe4 17. Rxe4 Qd5 18. Rg4 Ne7 19. Qc2 Nf5 20. Be3 Rfe8 21.
Re1 Rad8 22. Re2 Rd6 23. Rf4 g6 24. Qxc7 Rc6 25. Rxf5 gxf5 26. Qf4 Bg7 27. Kh2
h6 28. Nh4 Rf6 29. g3 Qxb3 30. Rd2 Re4 31. Qf3 Rxh4 32. gxh4 f4 33. Qa8+ Bf8
34. Qe8 Qd5 35. Rc2 Re6 36. Qb8 Rg6 0-1

[Event "Kavala zt"]
[Site "Kavala"]
[Date "1985.??.??"]
[Round "?"]
[White "Velimirovic, Dragoljub"]
[Black "Skembris, Spyridon"]
[Result "1/2-1/2"]
[WhiteElo "2500"]
[BlackElo "2435"]
[PlyCount "84"]
[EventDate "1985.??.??"]
[EventType "tourn"]
[EventRounds "13"]
[EventCountry "GRE"]
[Source "ChessBase"]
[SourceDate "1998.11.10"]
[WhiteTeamCountry "ARG"]
[BlackTeamCountry "YUG"]

1. g3 d5 2. Bg2 Nf6 3. Nf3 Bf5 4. d3 c6 5. O-O h6 6. Nc3 e6 7. Qe1 Bh7 8. e4
dxe4 9. dxe4 Bb4 10. Bd2 O-O 11. Rd1 Qe7 12. Ne5 Rd8 13. Nd3 Na6 14. a3 Ba5 15.
Qe2 Bb6 16. Kh1 Nc5 17. Nxc5 Bxc5 18. Na4 Bb6 19. Nxb6 axb6 20. Bb4 Qc7 21. Bc3
Bg6 22. Rd3 Nd7 23. f4 f6 24. g4 Nc5 25. Rg3 Na4 26. Be1 e5 27. f5 Bf7 28. b3
Nc5 29. h4 Rxa3 30. g5 hxg5 31. hxg5 Kf8 32. Rh3 Ra1 33. Rh8+ Ke7 34. Rh7 fxg5
35. Qg4 Rg8 36. f6+ gxf6 37. Rxf6 Rxe1+ 38. Kh2 Rf8 39. Qxg5 Ke8 40. Rfxf7 Rxf7
41. Qg8+ Rf8 42. Qg6+ Qf7 1/2-1/2

[Event "Vrsac"]
[Site "Vrsac"]
[Date "1985.??.??"]
[Round "?"]
[White "Barlov, Dragan"]
[Black "Velimirovic, Dragoljub"]
[Result "0-1"]
[WhiteElo "2430"]
[BlackElo "2500"]
[PlyCount "126"]
[EventDate "1985.??.??"]
[EventType "tourn"]
[EventRounds "11"]
[EventCountry "YUG"]
[Source "ChessBase"]
[SourceDate "1998.11.10"]
[WhiteTeamCountry "ARG"]
[BlackTeamCountry "YUG"]

1. e4 e5 2. Nf3 Nc6 3. Bb5 a6 4. Ba4 Nf6 5. Qe2 b5 6. Bb3 Be7 7. c3 O-O 8. O-O
d6 9. Rd1 Be6 10. Bc2 d5 11. d3 Re8 12. Nbd2 Bd6 13. Nf1 h6 14. h3 Qc8 15. Ng3
dxe4 16. dxe4 Ne7 17. Nh4 Bxh3 18. gxh3 Qxh3 19. Ng2 Ng6 20. Rd3 Nf4 21. Bxf4
exf4 22. Nf1 Qe6 23. Nd2 g5 24. Bb3 Qe5 25. Nf3 Qxe4 26. Qxe4 Rxe4 27. Re1 Rae8
28. Rxe4 Nxe4 29. Nd4 Nc5 30. Rd1 Nxb3 31. axb3 Bf8 32. b4 c5 33. bxc5 Bxc5 34.
Kf1 Rd8 35. Ke2 b4 36. Kd3 bxc3 37. bxc3 Kh7 38. Ra1 Rd6 39. Ra5 Ba7 40. Ke4
Kg6 41. Re5 h5 42. Ne1 Bxd4 43. cxd4 f5+ 44. Kd3 h4 45. Nf3 h3 46. Re7 g4 47.
Ne5+ Kh5 48. Nc4 Rh6 49. Re1 h2 50. Rh1 Kg5 51. Ke2 f3+ 52. Ke3 Rh7 53. Ne5 a5
54. d5 Kf6 55. Kf4 a4 56. d6 Rb7 57. d7 Rb4+ 58. Kg3 Rd4 59. Nc6 Rxd7 60. Rxh2
Kg5 61. Rh8 Rd6 62. Rg8+ Rg6 63. Rc8 Rh6 0-1

[Event "Vrsac"]
[Site "Vrsac"]
[Date "1985.??.??"]
[Round "?"]
[White "Cvitan, Ognjen"]
[Black "Velimirovic, Dragoljub"]
[Result "0-1"]
[WhiteElo "2450"]
[BlackElo "2530"]
[PlyCount "142"]
[EventDate "1985.??.??"]
[EventType "tourn"]
[EventRounds "11"]
[EventCountry "YUG"]
[Source "ChessBase"]
[SourceDate "1998.11.10"]
[WhiteTeamCountry "ARG"]
[BlackTeamCountry "YUG"]

1. Nf3 c5 2. g3 Nc6 3. Bg2 g6 4. O-O Bg7 5. c3 Nf6 6. d4 cxd4 7. cxd4 d5 8. Ne5
Qb6 9. Nxc6 bxc6 10. Nc3 Ba6 11. Na4 Qb5 12. Re1 O-O 13. Nc5 Bc8 14. b3 Nd7 15.
Nxd7 Bxd7 16. Ba3 Rfe8 17. Qd2 a5 18. e3 a4 19. Bf1 Qb8 20. bxa4 Rxa4 21. Bc5
e5 22. dxe5 Qxe5 23. Rab1 Rea8 24. Bd4 Qe7 25. Rb2 Bxd4 26. exd4 Qf6 27. Re5
Be6 28. Rc2 Bf5 29. Rb2 c5 30. Rxd5 Be4 31. Re5 Rxd4 32. Qxd4 cxd4 33. Rxe4 Rd8
34. Rd2 Qb6 35. h4 Qb4 36. Rd3 Rd6 37. Rf4 Kg7 38. Re4 h6 39. Rf4 Qb2 40. a4
Qa1 41. Rdf3 f6 42. Kg2 Qxa4 43. Bd3 Re6 44. Rg4 g5 45. hxg5 hxg5 46. Re4 Re5
47. g4 Qd7 48. Rxe5 fxe5 49. Rf5 Qb7+ 50. f3 Qb2+ 51. Kh3 Qc3 52. Rxg5+ Kf6 53.
Rf5+ Ke6 54. Be4 d3 55. Bxd3 Qxd3 56. Kh4 Qd7 57. Kg5 Qh7 58. Rf6+ Ke7 59. Rf5
Qg7+ 60. Kh4 Qh6+ 61. Kg3 Kd6 62. Kg2 Qh4 63. Rh5 Qe1 64. Rf5 Ke6 65. Rf8 Kd5
66. Rf7 Kd4 67. Rf5 e4 68. fxe4 Qh4 69. Rf3 Qxg4+ 70. Kf2 Qh4+ 71. Kg2 Kxe4 0-1

[Event "Vrsac"]
[Site "Vrsac"]
[Date "1985.??.??"]
[Round "?"]
[White "Velimirovic, Dragoljub"]
[Black "Drasko, Milan"]
[Result "1/2-1/2"]
[WhiteElo "2530"]
[BlackElo "2485"]
[PlyCount "82"]
[EventDate "1985.??.??"]
[EventType "tourn"]
[EventRounds "11"]
[EventCountry "YUG"]
[Source "ChessBase"]
[SourceDate "1998.11.10"]
[WhiteTeamCountry "ARG"]
[BlackTeamCountry "YUG"]

1. e4 c5 2. Nf3 d6 3. d4 cxd4 4. Nxd4 Nf6 5. Nc3 Nc6 6. Bc4 Qb6 7. Ndb5 a6 8.
Be3 Qa5 9. Nd4 e6 10. O-O Be7 11. Bb3 O-O 12. Kh1 Bd7 13. f4 Nxd4 14. Bxd4 Bc6
15. Qd3 Rac8 16. f5 e5 17. Bf2 b5 18. a3 Qc7 19. Bh4 Rfd8 20. Bxf6 Bxf6 21. Nd5
Bxd5 22. Qxd5 Rd7 23. Rf3 Qb7 24. Qd3 Qb6 25. c3 a5 26. Bd5 b4 27. axb4 axb4
28. c4 Ra7 29. Rff1 Rcc7 30. Rad1 Qc5 31. g3 Ra2 32. Ra1 Rca7 33. Rxa2 Rxa2 34.
Qb3 Ra7 35. Kg2 h6 36. h4 Qa5 37. Kh3 Qc5 38. Rd1 Ra6 39. Qf3 Ra2 40. Qh5 Ra7
41. Ra1 Qf2 1/2-1/2

[Event "Vrsac"]
[Site "Vrsac"]
[Date "1985.??.??"]
[Round "?"]
[White "Velimirovic, Dragoljub"]
[Black "Gavrikov, Viktor"]
[Result "1-0"]
[WhiteElo "2530"]
[BlackElo "2570"]
[PlyCount "73"]
[EventDate "1985.??.??"]
[EventType "tourn"]
[EventRounds "11"]
[EventCountry "YUG"]
[Source "ChessBase"]
[SourceDate "1998.11.10"]
[WhiteTeamCountry "ARG"]
[BlackTeamCountry "YUG"]

1. e4 c5 2. Nf3 d6 3. d4 cxd4 4. Nxd4 Nf6 5. Nc3 a6 6. Bg5 e6 7. f4 Qb6 8. Qd2
Qxb2 9. Rb1 Qa3 10. Bxf6 gxf6 11. Be2 Nc6 12. Nxc6 bxc6 13. O-O Qa5 14. Kh1 Be7
15. f5 h5 16. Bf3 $1 e5 17. Qd3 Qc7 18. Rb3 Rb8 19. Rxb8 Qxb8 20. Qc4 Qc7 21.
Rb1 Bd8 22. Na4 h4 23. h3 Rg8 24. Rb3 Rg7 25. Nb6 Bb7 26. a4 Qe7 27. Qb4 $1 d5
28. Qe1 Qc5 29. Nxd5 cxd5 30. Rxb7 dxe4 31. Qxe4 Qc3 32. Qxh4 Rg8 33. Qe4 Qa1+
34. Kh2 Qc3 35. Qc6+ Qxc6 36. Bxc6+ Kf8 37. Bd5 1-0

[Event "Vrsac"]
[Site "Vrsac"]
[Date "1985.??.??"]
[Round "?"]
[White "Velimirovic, Dragoljub"]
[Black "Matulovic, Milan"]
[Result "1-0"]
[WhiteElo "2500"]
[BlackElo "2435"]
[Annotator "ChessBase"]
[PlyCount "37"]
[EventDate "1985.??.??"]
[EventType "tourn"]
[EventRounds "11"]
[EventCountry "YUG"]
[Source "ChessBase"]
[SourceDate "1998.11.10"]
[WhiteTeamCountry "ARG"]
[BlackTeamCountry "YUG"]

1. e4 c5 2. Nf3 e6 3. d4 cxd4 4. Nxd4 Nc6 5. Nc3 Qc7 6. Be2 a6 7. O-O Nf6 8.
Kh1 Bb4 9. Qd3 b5 10. Nxc6 Qxc6 11. a4 $1 Bb7 12. axb5 axb5 13. Rxa8+ Bxa8 14.
f3 Bxc3 15. bxc3 O-O 16. Ba3 Rc8 17. Bb4 d5 $2 (17... e5 $5) 18. e5 Nd7 19. Qd4
$16 1-0

[Event "Vrsac"]
[Site "Vrsac"]
[Date "1985.??.??"]
[Round "?"]
[White "Velimirovic, Dragoljub"]
[Black "Morovic Fernandez, Ivan"]
[Result "1-0"]
[WhiteElo "2530"]
[BlackElo "2470"]
[PlyCount "129"]
[EventDate "1985.??.??"]
[EventType "tourn"]
[EventRounds "11"]
[EventCountry "YUG"]
[Source "ChessBase"]
[SourceDate "1998.11.10"]
[WhiteTeamCountry "ARG"]
[BlackTeamCountry "YUG"]

1. e4 e6 2. d4 d5 3. Nc3 Bb4 4. e5 c5 5. a3 Bxc3+ 6. bxc3 Qc7 7. Qg4 f5 8. Qh5+
g6 9. Qd1 Bd7 10. Nf3 Ba4 11. Rb1 Nd7 12. Be2 h6 13. O-O c4 14. Nh4 Ne7 15. f4
O-O-O 16. Be3 Qa5 17. Qd2 Rhg8 18. Kh1 Nb6 19. Nf3 Bd7 20. Qe1 Qxa3 21. Ra1 Qb2
22. Qd2 Na4 23. Rfb1 Qxc3 24. Qc1 Qa5 25. Bd2 Qa6 26. Bb4 Nc6 27. Bd6 Be8 28.
c3 Na5 29. Qa3 b5 30. Bd1 Nb3 31. Bxb3 cxb3 32. Nd2 Kb7 33. Nxb3 Ka8 34. Nc5
Nxc5 35. Qxc5 Qb7 36. Ra5 Rg7 37. Rba1 g5 38. Qa3 Rdd7 39. Bc5 Qb8 40. Ra6 gxf4
41. Rxe6 f3 42. g3 f4 43. Qa6 Rb7 44. Qd6 Qxd6 45. exd6 Bg6 46. Kg1 fxg3 47.
hxg3 Bc2 48. Kf2 Ba4 49. Re8+ Rb8 50. Re7 Rb7 51. Rh1 Rd7 52. Rxh6 Kb7 53. Rh8
b4 54. Bxb4 Ka6 55. Rc8 Bb5 56. Rc5 Rh7 57. g4 Kb6 58. Kxf3 a6 59. Rc8 Rf7+ 60.
Kg3 Bc6 61. Rc7 Rxc7 62. dxc7 Rf8 63. g5 Rg8 64. Kf4 Kb7 65. Ba5 1-0

[Event "Sarajevo"]
[Site "Sarajevo"]
[Date "1985.??.??"]
[Round "1"]
[White "Mikhalchishin, Adrian"]
[Black "Velimirovic, Dragoljub"]
[Result "1/2-1/2"]
[WhiteElo "2505"]
[BlackElo "2500"]
[PlyCount "60"]
[EventDate "1985.03.??"]
[EventType "tourn"]
[EventRounds "15"]
[EventCountry "YUG"]
[EventCategory "11"]
[Source "ChessBase"]
[SourceDate "1999.07.01"]
[WhiteTeamCountry "ARG"]
[BlackTeamCountry "YUG"]

1. Nf3 Nf6 2. c4 g6 3. g3 Bg7 4. Bg2 O-O 5. d4 c5 6. O-O d6 7. Nc3 Nc6 8. dxc5
dxc5 9. Be3 Be6 10. Qa4 Nd7 11. Rad1 Qc8 12. Nd5 Re8 13. Rd2 Nb6 14. Qb5 Nd4
15. Bxd4 cxd4 16. Nxd4 Qxc4 17. Nxb6 axb6 18. Qxb6 Rad8 19. e3 Qxa2 20. Qxb7
Bxd4 21. exd4 Bd5 22. Bxd5 Qxd5 23. Qxd5 Rxd5 24. Re1 e6 25. Re5 Rd6 26. Kf1
Red8 27. Re4 f5 28. Re3 Kf7 29. Red3 Rb8 30. Rc3 Rb4 1/2-1/2

[Event "Sarajevo"]
[Site "Sarajevo"]
[Date "1985.??.??"]
[Round "2"]
[White "Velimirovic, Dragoljub"]
[Black "Nogueiras Santiago, Jesus"]
[Result "0-1"]
[WhiteElo "2500"]
[BlackElo "2545"]
[PlyCount "68"]
[EventDate "1985.03.??"]
[EventType "tourn"]
[EventRounds "15"]
[EventCountry "YUG"]
[EventCategory "11"]
[Source "ChessBase"]
[SourceDate "1999.07.01"]
[WhiteTeamCountry "ARG"]
[BlackTeamCountry "YUG"]

1. e4 e6 2. d4 d5 3. Nc3 Bb4 4. exd5 exd5 5. Bd3 Nc6 6. a3 Be7 7. Nf3 Bf6 8.
O-O Nge7 9. h3 O-O 10. Ne2 Bf5 11. Ng3 Bg6 12. c3 Qd6 13. b4 Nd8 14. Ra2 Ne6
15. Re2 b6 16. Ne5 c5 17. Ng4 cxd4 18. Nxf6+ gxf6 19. cxd4 Kh8 20. Re3 Rg8 21.
Rfe1 Bxd3 22. Rxd3 Rg6 23. Qf3 Rag8 24. Kh1 f5 25. Rg1 Ng5 26. Bxg5 Rxg5 27.
Ne2 Ng6 28. g3 f4 29. h4 Qe6 30. Kh2 Rg4 31. Nc3 Nxh4 32. Qxd5 Qh6 33. Rh1
fxg3+ 34. Rxg3 Nf5+ 0-1

[Event "Sarajevo"]
[Site "Sarajevo"]
[Date "1985.??.??"]
[Round "3"]
[White "Kozul, Zdenko"]
[Black "Velimirovic, Dragoljub"]
[Result "0-1"]
[WhiteElo "2380"]
[BlackElo "2500"]
[PlyCount "80"]
[EventDate "1985.03.??"]
[EventType "tourn"]
[EventRounds "15"]
[EventCountry "YUG"]
[EventCategory "11"]
[Source "ChessBase"]
[SourceDate "1999.07.01"]
[WhiteTeamCountry "ARG"]
[BlackTeamCountry "YUG"]

1. d4 Nf6 2. Nf3 c5 3. d5 g6 4. c4 Bg7 5. Nc3 d6 6. e4 O-O 7. Be2 e6 8. O-O
exd5 9. cxd5 Re8 10. Nd2 Na6 11. Re1 Nc7 12. a4 b6 13. Bb5 Nxb5 14. axb5 Ng4
15. h3 Ne5 16. Qe2 g5 17. Nf3 Nxf3+ 18. Qxf3 f5 19. Bd2 f4 20. g3 Rf8 21. gxf4
gxf4 22. Kh2 Kh8 23. Rg1 Be5 24. Ne2 Rf6 25. Rg5 Rh6 26. Rh5 Rxh5 27. Qxh5 Bd7
28. Bc3 Qf6 29. Bxe5 dxe5 30. Nc3 f3 31. Rg1 Rg8 32. Rxg8+ Kxg8 33. h4 Qf4+ 34.
Kg1 Kg7 35. Kh1 h6 36. Kg1 Bh3 37. d6 Bd7 38. Kh1 Be8 39. Qxe8 Qxh4+ 40. Kg1
Qg5+ 0-1

[Event "Sarajevo"]
[Site "Sarajevo"]
[Date "1985.??.??"]
[Round "4"]
[White "Velimirovic, Dragoljub"]
[Black "Drasko, Milan"]
[Result "1/2-1/2"]
[WhiteElo "2500"]
[BlackElo "2460"]
[PlyCount "114"]
[EventDate "1985.03.??"]
[EventType "tourn"]
[EventRounds "15"]
[EventCountry "YUG"]
[EventCategory "11"]
[Source "ChessBase"]
[SourceDate "1999.07.01"]
[WhiteTeamCountry "ARG"]
[BlackTeamCountry "YUG"]

1. g3 Nf6 2. Bg2 d5 3. Nf3 g6 4. O-O Bg7 5. d3 O-O 6. Nc3 d4 7. Nb5 Nc6 8. c4
e5 9. Na3 Re8 10. Bg5 h6 11. Bxf6 Qxf6 12. Nc2 Bf5 13. Nd2 Qe7 14. a3 a5 15. b3
Rad8 16. Rb1 Bc8 17. b4 f5 18. b5 Nb8 19. b6 c6 20. a4 Na6 21. Nb3 Nc5 22. Nxa5
e4 23. Nb4 Bd7 24. Qc2 Ra8 25. Nb3 Nxa4 26. c5 Nc3 27. Ra1 Be6 28. Rxa8 Rxa8
29. dxe4 Ra4 30. Nd3 Ra2 31. Nb2 Na4 32. Nc1 d3 33. exd3 Rxb2 34. Qxa4 Qxc5 35.
exf5 gxf5 36. Qa8+ Kh7 37. Qxb7 Rxb6 38. Qc7 Rb2 39. Qxc6 Qxc6 40. Bxc6 f4 41.
Re1 Bg4 42. Kg2 Bd4 43. Rf1 fxg3 44. hxg3 h5 45. Bf3 Kg7 46. Ne2 Rxe2 47. Bxe2
Bxe2 48. Re1 Bg4 49. Re4 Bf6 50. Ra4 Be2 51. d4 h4 52. d5 Bd1 53. Rb4 hxg3 54.
fxg3 Bc3 55. Rc4 Be5 56. d6 Bxd6 57. Rd4 Bxg3 1/2-1/2

[Event "Sarajevo"]
[Site "Sarajevo"]
[Date "1985.??.??"]
[Round "5"]
[White "Dizdarevic, Emir"]
[Black "Velimirovic, Dragoljub"]
[Result "1/2-1/2"]
[WhiteElo "2425"]
[BlackElo "2500"]
[PlyCount "44"]
[EventDate "1985.03.??"]
[EventType "tourn"]
[EventRounds "15"]
[EventCountry "YUG"]
[EventCategory "11"]
[Source "ChessBase"]
[SourceDate "1999.07.01"]
[WhiteTeamCountry "ARG"]
[BlackTeamCountry "YUG"]

1. e4 c5 2. Nf3 Nc6 3. Bb5 g6 4. O-O Bg7 5. Re1 e5 6. c3 Nge7 7. d4 cxd4 8.
cxd4 Nxd4 9. Nxd4 exd4 10. Bg5 h6 11. Bh4 O-O 12. Nd2 d6 13. f4 Bd7 14. Bd3 Bc6
15. Nf3 Qd7 16. Qd2 Rae8 17. Bf2 f5 18. Bxd4 Bxd4+ 19. Nxd4 Bxe4 20. Bxe4 fxe4
21. Rxe4 Nc6 22. Rae1 d5 1/2-1/2

[Event "Sarajevo"]
[Site "Sarajevo"]
[Date "1985.??.??"]
[Round "6"]
[White "Velimirovic, Dragoljub"]
[Black "Chandler, Murray"]
[Result "1/2-1/2"]
[WhiteElo "2500"]
[BlackElo "2585"]
[PlyCount "82"]
[EventDate "1985.03.??"]
[EventType "tourn"]
[EventRounds "15"]
[EventCountry "YUG"]
[EventCategory "11"]
[Source "ChessBase"]
[SourceDate "1999.07.01"]
[WhiteTeamCountry "ARG"]
[BlackTeamCountry "YUG"]

1. e4 e5 2. Nf3 Nf6 3. Nxe5 d6 4. Nf3 Nxe4 5. d3 Nf6 6. d4 Be7 7. Bd3 O-O 8. h3
Re8 9. O-O Nbd7 10. Re1 Nf8 11. c4 c6 12. Nc3 Ng6 13. Be3 Bd7 14. Qb3 Qc8 15.
Ne2 Nh5 16. Ng3 Nhf4 17. Bf1 Bf6 18. d5 Qc7 19. Rad1 Rac8 20. Qb4 c5 21. Qd2
Be5 22. Nxe5 dxe5 23. Ne4 b6 24. b4 f5 25. Ng5 Qd8 26. Bxf4 Nxf4 27. Nf3 Qf6
28. bxc5 Rxc5 29. Nxe5 Nxh3+ 30. gxh3 Rxe5 31. Qf4 Rxe1 32. Rxe1 Rc8 33. Re3 h6
34. Ra3 a5 35. h4 Kh7 36. Re3 b5 37. cxb5 Rc1 38. Kg2 Qa1 39. Bd3 Rg1+ 40. Kh2
Rh1+ 41. Kg2 Rg1+ 1/2-1/2